Ekonomická lukrativita pestovania maku siateho po inovačnom zvládnutí kľúčových prvkov fytotechniky
Identifikácia kritických a kľúčových prvkov fytotechniky ako aj náčrt možných inovačných riešení pre ekonomicky zaujímavé pestovanie maku, s využitím analyticko-syntetickej a komparatívnej metódy.
Gespeichert in:
| 1. Verfasser: | |
|---|---|
| Weitere Verfasser: | , , |
| Format: | Buchkapitel |
| Sprache: | Slowakisch |
| Schlagworte: | |
| Tags: |
Keine Tags, Fügen Sie das erste Tag hinzu!
|
MARC
| LEADER | 00000naa$a2200000$$$4500 | ||
|---|---|---|---|
| 001 | 0110254 | ||
| 005 | 20240502072220.3 | ||
| 041 | 0 | |a slo | |
| 044 | |a SK | ||
| 245 | 1 | 0 | |a Ekonomická lukrativita pestovania maku siateho po inovačnom zvládnutí kľúčových prvkov fytotechniky |c Štefan Tóth, Michal Stričík, Božena Šoltysová, Martin Danilovič |
| 520 | |a Identifikácia kritických a kľúčových prvkov fytotechniky ako aj náčrt možných inovačných riešení pre ekonomicky zaujímavé pestovanie maku, s využitím analyticko-syntetickej a komparatívnej metódy. | ||
| 610 | 2 | 0 | |a efektívnosť ekonomická |
| 610 | 2 | 0 | |a plodiny poľnohospodárske |
| 610 | 2 | 0 | |a Slovensko |
| 610 | 2 | 0 | |a stratégia inovačná |
| 610 | 2 | 0 | |a výroba poľnohospodárska |
| 100 | 1 | |a Tóth, Štefan | |
| 700 | 1 | |a Stričík, Michal, 1969- | |
| 700 | 1 | |a Šoltysová, Božena | |
| 700 | 1 | |a Danilovič, Martin | |